Κατάλογος Βιβλιοθηκών Mediterranean College

Windows System Programming / Fourth Edition (Αριθ. εγγραφής 6390)

Στοιχεία MARC
000 -LEADER
fixed length control field 01121cam a22002054a 4500
005 - ΗΜΕΡΟΜΗΝΙΑ ΚΑΙ ΩΡΑ ΤΕΛΕΥΤΑΙΑΣ ΕΝΗΜΕΡΩΣΗΣ
Πεδίο ελέγχου 20250605164241.0
008 - FIXED-LENGTH DATA ELEMENTS--GENERAL INFORMATION
Πεδίο ελέγχου σταθερού μήκους 250528s ||||||||||||||||||||||||d
035 ## - SYSTEM CONTROL NUMBER
System control number 21325
020 ## - ISBN
ISBN 9780321657749
040 ## - ΠΗΓΗ ΚΑΤΑΛΟΓΟΓΡΑΦΗΣΗΣ
Φορέας πρωτότυπης καταλογογράφησης MC Athens Campus Library
Γλώσσα καταλογογράφησης Ελληνικά, Μοντέρνα (1453-)
Modifying agency MC Athens Campus Library
Κανόνες περιγραφικής καταλογογράφησης AACR2
245 1# - ΤΙΤΛΟΣ ΚΑΙ ΔΗΛΩΣΗ ΥΠΕΥΘΥΝΟΤΗΤΑΣ
Τίτλος Windows System Programming / Fourth Edition
250 ## - EDITION STATEMENT
Edition statement 4th
260 ## - PUBLICATION, DISTRIBUTION, ETC.
Name of publisher, distributor, etc. Εκδόσεις Κριτική - Επιστημονική Βιβλιοθήκη,
Date of publication, distribution, etc. 2010
300 ## - PHYSICAL DESCRIPTION
Extent 620
520 ## - SUMMARY, ETC.
Summary, etc. Figure, Tables, Preface, Getting Started with Windows, Using the Windows File System and Character I/ O, Advanced File and Directory Processing and the Registry, Exception Handling, Memory Management and Memory-Mapped Files and DLLs, Process Management, Threads and Scheduling, Thread Synchronization, Locking and Performance and NT6 Enhancements, Advanced Thread Synchronization, Interprocess Communication, Network Programming with Windows Sockets, Windows Services, Asynchronous Input/ Output and Cmpletion Ports, Securing Windows Objects, Bibliography, Index.
700 1# - ΠΡΟΣΘΕΤΗ ΑΝΑΓΡΑΦΗ--ΦΥΣΙΚΟ ΠΡΟΣΩΠΟ
Personal name Hart Johnson M
9 (RLIN) 7375
942 ## - ADDED ENTRY ELEMENTS (KOHA)
Koha item type Βιβλία
Αντίτυπα
Τύπος τεκμηρίου Βιβλιοθήκη Τρέχουσα τοποθεσία Barcode Αριθμός εισαγωγής Ημερομηνία απόκτησης Ταξιθετικό σύμβολο Αριθμός αντιτύπου Κατάσταση απόσυρσης Κατάσταση χαμένου Κατάσταση κατεστραμμένου Μη δανεισμός Σύνολο δανεισμών Ημερομηνία τελευταίας εμφάνισης Η τιμή ισχύει από
Βιβλία MC Athens Campus Library MC Athens Campus Library 9780000063892 5487 05/06/2025 005.268 HAR 1           05/06/2025 05/06/2025

MC Athens Campus Library
Πατησίων 94 & Κοδριγκτώνος 13, 104 34
Πελλήνης 8 & Πατησίων 107, 112 51
Τ: +30 210 8899600

MC Thessaloniki Campus Library
Ίωνος Δραγούμη 21, 54625 | Ίωνος Δραγούμη 15, 54625
Τ: +30 2310 287779 – Τ: +30 2314 440300